000
00327 a2200145 4500
001
181517
020
_a
040
_c
Magnum
100
_a
Gesell, Arnold
240
1
0
_a
A crianca dos 0 aos 5 anos
_l
por
245
1
0
_a
A crianca dos 0 aos 5 anos
362
0
_a
1899
697
_a
MAGNITO: MAGNITO SEM ÁREA E AS
942
_c
BK
999
_c
181517
_d
181517